Government must wake up to the realities of the marketplace (Record no. 67171)
[ view plain ]
| 000 -LEADER | |
|---|---|
| fixed length control field | 01419cam a2200253 4500 |
| 001 - CONTROL NUMBER | |
| control field | ABS64005 |
| 008 - FIXED-LENGTH DATA ELEMENTS--GENERAL INFORMATION | |
| fixed length control field | 000000n2001 000 0 eng u |
| 035 ## - SYSTEM CONTROL NUMBER | |
| System control number | (Sirsi) u112841 |
| 100 ## - MAIN ENTRY--PERSONAL NAME | |
| Personal name | McKee, W |
| 245 ## - TITLE STATEMENT | |
| Title | Government must wake up to the realities of the marketplace |
| 260 ## - PUBLICATION, DISTRIBUTION, ETC. | |
| Date of publication, distribution, etc. | 2001 |
| 490 ## - SERIES STATEMENT | |
| Series statement | Property Forecast |
| Volume/sequential designation | 4(5) May 2001, 2-3(2) |
| 520 ## - SUMMARY, ETC. | |
| Summary, etc. | Director General of the British Property Federation argues that legislative intervention to resolve the dispute over lease flexibility would be damaging to the property industry, and have a negative impact the industry's contribution to regeneration, transport and the residential rented sector. Discusses the results of a government survey carried out by Reading University in 1999 which indicates that market forces are already creating new flexibility, leases have shortened considerably since 1990, and that tenant complaints about upward only rent reviews have subsided. Concludes that tenants need to be educated about property matters, and the "Commercial leases code of practice" should be revised to be more accessible and made widely available. |
| 590 ## - LOCAL NOTE (RLIN) | |
| Local note | ABS |
| 650 ## - SUBJECT ADDED ENTRY--TOPICAL TERM | |
| Topical term or geographic name entry element | COMMERCIAL LEASES |
| 650 ## - SUBJECT ADDED ENTRY--TOPICAL TERM | |
| Topical term or geographic name entry element | LEASE LENGTH |
| 650 ## - SUBJECT ADDED ENTRY--TOPICAL TERM | |
| Topical term or geographic name entry element | CODE OF PRACTICE |
| 650 ## - SUBJECT ADDED ENTRY--TOPICAL TERM | |
| Topical term or geographic name entry element | PROPERTY INDUSTRY |
| 650 ## - SUBJECT ADDED ENTRY--TOPICAL TERM | |
| Topical term or geographic name entry element | UPWARD ONLY RENT REVIEWS |
| 650 ## - SUBJECT ADDED ENTRY--TOPICAL TERM | |
| Topical term or geographic name entry element | FLEXIBLE LEASES |
| 650 ## - SUBJECT ADDED ENTRY--TOPICAL TERM | |
| Topical term or geographic name entry element | BPF |
| 690 ## - LOCAL SUBJECT ADDED ENTRY--TOPICAL TERM (OCLC, RLIN) | |
| Topical term or geographic name as entry element | PROPERTY-LANDLORD AND TENANT |
| 942 ## - ADDED ENTRY ELEMENTS (KOHA) | |
| Suppress in OPAC | 0 |
| Withdrawn status | Lost status | Source of classification or shelving scheme | Damaged status | Not for loan | Home library | Current library | Shelving location | Date acquired | Total Checkouts | Full call number | Barcode | Date last seen | Copy number | Price effective from | Koha item type |
|---|---|---|---|---|---|---|---|---|---|---|---|---|---|---|---|
| Dewey Decimal Classification | London | London | Journal article | 30/05/2001 | ABS64005 | 112841-1001 | 06/08/2019 | 1 | 06/08/2019 | Journal article |